000 01006nam a2200313 i 4500
001 bg
003 BPK
005 20201013092702.0
008 000228s2000 pl a f f |001 0 pol
015 _aPB 2000/3801
020 _a8301130997
040 _aWA N
_cBPK
041 0 _apol
080 _a532
080 _a(075.8)
100 1 _aPuzyrewski, Romuald
_d(1935-2016)
_eAutor
245 1 0 _aPodstawy mechaniki płynów i hydrauliki /
_cRomuald Puzyrewski, Jerzy Sawicki.
250 _aWyd. 3 popr.
260 _aWarszawa :
_bWydaw. Naukowe PWN,
_c2000.
300 _a335, [1] s. :
_bil. ;
_c25 cm.
504 _aBibliogr. - Indeksy.
650 4 _aHydraulika
655 4 _aPodręczniki akademickie
650 4 _aMechanika płynów
710 2 _aWydawnictwo Naukowe PWN
_4pbl.
700 1 _aSawicki, Jerzy M.
_d(1950- )
_eAutor
856 4 1 _uhttp://koha.tu.koszalin.pl/cgi-bin/koha/opac-detail.pl?biblionumber=37574
_yKatalog online BPK
942 _2UKD
_cKS
999 _c37574
_d37574